000 00846cam a22002773a 4500
001 2779
003 PGUSA
005 20140828083021.0
008 010801s2001||||xxu|||||s|||||000 | eng d
040 _aPGUSA
_beng
042 _adc
050 4 _aPT
050 4 _aCT
100 1 _aMay, Karl,
_d1842-1912
245 1 0 _aMein Leben und Streben
_h[electronic resource] /
_cKarl May
260 _bProject Gutenberg,
_c2001
500 _a#2780 is the copyrighted English translation of #2779, expressly made for Project Gutenberg.
506 _aPublic domain in the USA.
516 _aElectronic text
653 _aAutobiographies
653 _aMay, Karl Friedrich, 1842-1912
653 _aAuthors, German -- 19th century -- Biography
830 0 _aProject Gutenberg
_v2779
856 4 0 _uhttp://www.gutenberg.org/ebooks/2779
942 _cEB
999 _c232111
_d232111